Перекрестные эффекты в ходе твердофазных превращений; Химия в интересах устойчивого развития; Т. 10, № 1-2

Dades bibliogràfiques
Parent link:Химия в интересах устойчивого развития: международный научный журнал.— , 1993-
Т. 10, № 1-2.— 2002.— [С. 103-109]
Autor principal: Князева А. Г. Анна Георгиевна
Sumari:Заглавие с экрана
Idioma:rus
Publicat: 2002
Matèries:
Accés en línia:http://www.sibran.ru/upload/iblock/467/46799e416b81049eb5f532084c5d21dd.pdf
Format: MixedMaterials Electrònic Capítol de llibre
KOHA link:https://koha.lib.tpu.ru/cgi-bin/koha/opac-detail.pl?biblionumber=638196

MARC

LEADER 00000naa0a2200000 4500
001 638196
005 20250611132702.0
035 |a (RuTPU)RU\TPU\network\2487 
035 |a RU\TPU\network\2294 
090 |a 638196 
100 |a 20141220d2002 k||y0rusy50 ca 
101 0 |a rus 
102 |a RU 
135 |a drcn ---uucaa 
181 0 |a i  
182 0 |a b 
200 1 |a Перекрестные эффекты в ходе твердофазных превращений  |f А. Г. Князева 
203 |a Текст  |c электронный 
300 |a Заглавие с экрана 
320 |a [Библиогр.: с. 109 (26 назв.)] 
461 |t Химия в интересах устойчивого развития  |o международный научный журнал  |d 1993- 
463 |t Т. 10, № 1-2  |v [С. 103-109]  |d 2002 
610 1 |a электронный ресурс 
610 1 |a труды учёных ТПУ 
700 1 |a Князева  |b А. Г.  |c российский физик  |c профессор Томского политехнического университета, доктор физико-математических наук  |f 1962-  |g Анна Георгиевна  |3 (RuTPU)RU\TPU\pers\25578  |9 11508 
801 2 |a RU  |b 63413507  |c 20141224  |g RCR 
850 |a 63413507 
856 4 |u http://www.sibran.ru/upload/iblock/467/46799e416b81049eb5f532084c5d21dd.pdf 
942 |c CF